|
|
|
|
| LEADER |
03495cam a2200889 i 4500 |
| 001 |
nkc20243586330 |
| 003 |
CZ PrNK |
| 005 |
20240930171507.0 |
| 007 |
ta |
| 008 |
240130s2024 xr e 000 0bcze |
| 015 |
|
|
|a cnb003586330
|
| 020 |
|
|
|a 978-80-7297-304-0
|q (brožováno)
|
| 035 |
|
|
|a (OCoLC)1459785475
|
| 040 |
|
|
|a ABA001
|b cze
|d OLA001
|e rda
|
| 041 |
1 |
|
|a cze
|h eng
|
| 043 |
|
|
|a e-uk---
|
| 045 |
|
|
|a x5y1
|
| 072 |
|
7 |
|a 27-78
|x Křesťanská sdružení, spolky a organizace. Řeholní řády
|2 Konspekt
|9 5
|
| 072 |
|
7 |
|a 929
|x Biografie
|2 Konspekt
|9 8
|
| 080 |
|
|
|a 27-789.2-055.2
|2 MRF
|
| 080 |
|
|
|a 27-184
|2 MRF
|
| 080 |
|
|
|a 27-584.5
|2 MRF
|
| 080 |
|
|
|a 17.023.34
|2 MRF
|
| 080 |
|
|
|a 27-58-472
|2 MRF
|
| 080 |
|
|
|a 27-788-1/-9
|2 MRF
|
| 080 |
|
|
|a 27-789.2-1/-9
|2 MRF
|
| 080 |
|
|
|a 27-662:3
|2 MRF
|
| 080 |
|
|
|a 27
|2 MRF
|
| 080 |
|
|
|a 929
|2 MRF
|
| 080 |
|
|
|a (410)
|2 MRF
|
| 080 |
|
|
|a (0:82-6)
|2 MRF
|
| 080 |
|
|
|a (042.5)
|2 MRF
|
| 080 |
|
|
|a (0:82-94)
|2 MRF
|
| 100 |
1 |
|
|a Totah, Mary David,
|d 1957-2017
|7 jo20241215125
|4 aut
|
| 240 |
1 |
0 |
|a Joy of God.
|l Česky
|
| 245 |
1 |
0 |
|a Radost z Boha :
|b duchovní moudrost převorky opatství sv. Cecílie /
|c sestra Mary David ; slovo úvodem Samuel Lauras ; z anglického originálu The joy of God ... přeložila Marie Sommerová
|
| 264 |
|
1 |
|a V Uhřicích :
|b Doron,
|c 2024
|
| 300 |
|
|
|a 192 stran ;
|c 19 cm
|
| 336 |
|
|
|a text
|b txt
|2 rdacontent
|
| 337 |
|
|
|a bez média
|b n
|2 rdamedia
|
| 338 |
|
|
|a svazek
|b nc
|2 rdacarrier
|
| 504 |
|
|
|a Obsahuje bibliografické odkazy
|
| 600 |
1 |
7 |
|a Totah, Mary David,
|d 1957-2017
|7 jo20241215125
|2 czenas
|
| 648 |
|
7 |
|a 20.-21. století
|7 ch462155
|2 czenas
|
| 648 |
|
4 |
|a 1957-2017
|
| 650 |
0 |
7 |
|a benediktinky
|7 ph138559
|z Velká Británie
|y 20.-21. století
|2 czenas
|
| 650 |
0 |
7 |
|a Bůh a člověk
|7 ph116953
|x křesťanské pojetí
|2 czenas
|
| 650 |
0 |
7 |
|a duchovní cesta
|7 ph119626
|x křesťanské pojetí
|2 czenas
|
| 650 |
0 |
7 |
|a radost
|7 ph124997
|x křesťanské pojetí
|2 czenas
|
| 650 |
0 |
7 |
|a duchovní vedení
|7 ph119638
|x křesťanské pojetí
|2 czenas
|
| 650 |
0 |
7 |
|a řeholní život
|7 ph128285
|2 czenas
|
| 650 |
0 |
7 |
|a benediktinská spiritualita
|7 ph166049
|2 czenas
|
| 650 |
0 |
7 |
|a křesťanství a společnost
|7 ph138510
|y 20.-21. století
|2 czenas
|
| 650 |
0 |
9 |
|a Benedictine nuns
|z Great Britain
|y 20th-21st centuries
|2 eczenas
|
| 650 |
0 |
9 |
|a relations between God and man
|x Christian approach
|2 eczenas
|
| 650 |
0 |
9 |
|a spiritual path
|x Christian approach
|2 eczenas
|
| 650 |
0 |
9 |
|a pleasure
|x Christian approach
|2 eczenas
|
| 650 |
0 |
9 |
|a spiritual leadership
|x Christian approach
|2 eczenas
|
| 650 |
0 |
9 |
|a monastic life
|2 eczenas
|
| 650 |
0 |
9 |
|a Benedictine spirituality
|2 eczenas
|
| 650 |
0 |
9 |
|a Christianity and civilization
|y 20th-21st centuries
|2 eczenas
|
| 655 |
|
7 |
|a korespondence
|7 fd132681
|2 czenas
|
| 655 |
|
7 |
|a promluvy
|7 fd187848
|2 czenas
|
| 655 |
|
7 |
|a vzpomínky
|7 fd133830
|2 czenas
|
| 655 |
|
7 |
|a citáty
|7 fd131832
|2 czenas
|
| 655 |
|
9 |
|a correspondence
|2 eczenas
|
| 655 |
|
9 |
|a speeches, adresses
|2 eczenas
|
| 655 |
|
9 |
|a reminiscences
|2 eczenas
|
| 655 |
|
9 |
|a quotations
|2 eczenas
|
| 700 |
0 |
|
|a Samuel,
|c otec,
|d 1954-
|7 mzk2009492019
|4 wfw
|
| 700 |
1 |
|
|a Sommerová, Marie
|7 xx0069342
|4 trl
|
| 910 |
2 |
|
|a BOA001
|b 1-1530.394
|
| 990 |
|
|
|a BK
|
| 995 |
|
|
|a 01
|
| 991 |
|
|
|b 202409
|c NOV
|
| 996 |
6 |
|
|b 2610978765
|c 1-1530.394
|l MZK
|r Sklad / do 1 hodiny
|n 9
|p p.v.
|w 001976233
|u 000010
|a 1
|e BOA001
|j MZK50
|s P
|
| 996 |
7 |
|
|b 2610978766
|c 1-1530.394
|l MZK
|r Sklad / do 1 hodiny
|n 2
|p p.v.
|w 001976233
|u 000020
|a 1
|e BOA001
|j MZK50
|s A
|